000 00369nam a2200157Ia 4500
003 Ost
005 20260225132552.0
008 260225s9999||||xx |||||||||||||| ||und||
040 _cfsic
041 _afre
082 _a440
100 _aDjaffar Lesbet
_eAuteur
245 0 _aLes 1000 villages socialistes en Algérie /
245 0 _cDjaffar Lesbet
942 _cكتاب
999 _c34231
_d34231